000 00723cam a2200241 i 4500
008
020 _a0871501783 (hbk.)
049 _aMAIN
090 _aHG5691
100 1 _aKovacic, Michael L.
245 1 0 _aMathematics :
_bfundamentals for managerial decision-making /
_cMichael L. Kovacic.
250 _a2d ed.
260 _aBoston :
_bPrindle, Weber & Schmidt,
_c[1975]
300 _axiv, 626 p. :
_bill. ;
_c25 cm.
500 _aIncludes index.
650 0 _aBusiness mathematics.
650 0 _aDecision making
_xMathematical models.
907 _a.b10059507
_b24-01-07
_c17-04-03
003
005 20230123133915.0
040 _cNUST
942 _cBOOKS
_kHG5691
999 _c156664
_d156664